00788nam a2200217 a 450000100100000000500170001000800410002704000250006808200200009310000400011324500400015326000570019330000210025060000540027165000630032565000250038891000070041304900090042095201240042999900170055300001463720200929163858.0100115s1986 nq 000 0aspa d aDO-SdBNPbspacBNPHU a928.7285bD218a1 aDarío, Rubén,d1867-191691553510aAutobiografía /cRubén Darío. aManagua, Nicaragua :bDistribuidora Cultural,c1986. a137 p. ;c20 cm.14aDARÍO, RUBÉN,d1867-1916xBIOGRAFÍAS933167 4aAutores nicaragüensesySIGLO XIX-XXxBiografías933168 4aAutobiografía9323 aWM aBNGR 001054708MOaGRbGRcHDd2010-01-15iLF1l0o928.7285 D218ap14637-10r2020-06-25w2020-06-25y4ZPréstamo en sala c14221d14221